Microprocessor 8085 : (Record no. 38812)

MARC details
000 -LEADER
fixed length control field 00741nam a22002057a 4500
005 - DATE AND TIME OF LATEST TRANSACTION
control field 20100802164748.0
010 ## - LCCN (DPL NO)
LC control number ENG-97805
020 ## - INTERNATIONAL STANDARD BOOK NUMBER
International Standard Book Number 9788120340138
Terms of availability 150.00
035 ## - SYSTEM CONTROL NUMBER
System control number EN-81338
037 ## - SOURCE OF ACQUISITION
Source of stock number/acquisition DBAD/PUB
082 ## - DEWEY DECIMAL CLASSIFICATION NUMBER
Classification number 005.265
100 ## - MAIN ENTRY--PERSONAL NAME
Personal name Wadhwa, Ajay
245 ## - TITLE STATEMENT
Title Microprocessor 8085 :
Remainder of title architecture, programming and interfacing /
Statement of responsibility, etc by Ajay Wadhwa
260 ## - PUBLICATION, DISTRIBUTION, ETC. (IMPRINT)
Place of publication, distribution, etc New Delhi
Name of publisher, distributor, etc PHI Learning
Date of publication, distribution, etc 2010
270 ## - ADDRESS
Address M-97, Connaught Circus
City New Delhi
Postal code 110001
300 ## - PHYSICAL DESCRIPTION
Extent ix, 162p.:
Other physical details ill.
Dimensions 24cm (pbk)
500 ## - GENERAL NOTE
General note includes index
942 ## - ADDED ENTRY ELEMENTS (KOHA)
Source of classification or shelving scheme Dewey Decimal Classification
Item type English Books
Classification part 005.265
Call number suffix WAD
Holdings
Withdrawn status Lost status Not for loan Collection code Home library Current library Date acquired Source of acquisition Cost, normal purchase price Full call number Barcode Copy number Cost, replacement price Koha item type
    Not For Loan Non-fiction D.B.Act.Division D.B.Act.Division 02/08/2010 DBAD/PUB 150.00 005.265 WAD EN-81338 1 150.00 English Books

© Delhi Public Library
Hit Counter
free hit counter